Del PNR al PRI en Jalisco /
Obra en que se traza la historia del Partido Revolucionario Institucional en el estado de Jalisco, desde sus antecedentes en las organizaciones políticas identificadas con la fracción triunfante de la Revolución Mexicana y su proceso de unificación, hasta su incorporación al Partido Nacional Revoluc...
Na minha lista:
| Autor principal: | |
|---|---|
| Outros Autores: | |
| Formato: | Livro |
| Idioma: | espanhol |
| Publicado em: |
Guadalajara, México :
Universidad de Guadalajara, Instituto de Estudios Sociales,
1981, c1981
|
| Colecção: | (Ensayos y Monografías)
|
| Assuntos: | |
| Tags: |
Sem tags, seja o primeiro a adicionar uma tag!
|
MARC
| LEADER | 00000nam^a2200000^a^4500 | ||
|---|---|---|---|
| 001 | 000182491 | ||
| 005 | 20250521000000.0 | ||
| 009 | 20260310102007.507 | ||
| 020 | |a 968-57-0031-1 | ||
| 037 | |a Acervo ITESO - Biblioteca | ||
| 041 | |a ESP | ||
| 082 | |a 324. 272 |b TAM | ||
| 100 | |a Tamayo, Jaime |e (autor) | ||
| 245 | 1 | 0 | |a Del PNR al PRI en Jalisco / |c J. Tamayo, M.A. Aldana Rendón. |
| 264 | 4 | |a Guadalajara, México : |b Universidad de Guadalajara, Instituto de Estudios Sociales, |c 1981, c1981 | |
| 300 | |a 80 p. | ||
| 336 | |a texto |b txt |2 rdacontenido | ||
| 337 | |a sin mediación |b n |2 rdamedio | ||
| 338 | |a volumen |b nc |2 rdasoporte | ||
| 440 | 1 | |a (Ensayos y Monografías) | |
| 520 | |a Obra en que se traza la historia del Partido Revolucionario Institucional en el estado de Jalisco, desde sus antecedentes en las organizaciones políticas identificadas con la fracción triunfante de la Revolución Mexicana y su proceso de unificación, hasta su incorporación al Partido Nacional Revolucionario y su posterior transformación en Partido Revolucionario Institucional. Se revisan, asimismo, las pugnas internas en este partido gobernante a nivel regional y nacional, al enfrentar diferencias en sus proyectos sino también en los intereses entre la capital y los grupos políticos jaliscienses. | ||
| 649 | |a XX | ||
| 650 | |a Partido Nacional Revolucionario - |z Jalisco - |x Historia - |x Tema Principal | ||
| 650 | |a Partido Nacional Revolucionario - |z México - |x Historia | ||
| 650 | |a Partido Revolucionario Institucional - |z Jalisco - |x Historia - |x Tema Principal | ||
| 650 | |a Partido Revolucionario Institucional - |z México - |x Historia | ||
| 650 | |a Partidos Políticos - |z Jalisco | ||
| 650 | |a Partidos Políticos - |z México | ||
| 650 | |a Sistema Político - |z Jalisco | ||
| 650 | |a Sistema Político - |z México | ||
| 650 | |a Proceso Político - |z Jalisco | ||
| 650 | |a Proceso Político - |z México | ||
| 650 | |a Política - |z Jalisco - |x Historia - |y Vasconcelismo, 1929 | ||
| 650 | |a Política - |z México - |x Historia - |y Vasconcelismo, 1929 | ||
| 650 | |a Política - |z Jalisco - |x Historia - |y Régimen Portesgilista, 1928-1930 | ||
| 650 | |a Política - |z México - |x Historia - |y Régimen Portesgilista, 1928-1930 | ||
| 650 | |a Política - |z Jalisco - |x Historia - |y 1910-1946 | ||
| 650 | |a Política - |z México - |x Historia - |y 1910-1946 | ||
| 650 | |a Política - |z Jalisco - |x Historia - |y 1910-1946 | ||
| 650 | |a Política - |z México - |x Historia - |y Siglo XX | ||
| 700 | |a Aldana Rendón, Mario Alfonso |e (autor) | ||
| 910 | |a Fondo General | ||
| 920 | |a Impresos - Libros | ||
| 930 | |a Colección General | ||
| 905 | |a 101 | ||
| 901 | |a 0500122156 |b IT1 |c ACC |u 20250521 | ||
| 902 | |a https://opac.biblio.iteso.mx/vufind/Record/000182491 | ||